| 000 | 00938nas a22002771i#4500 | ||
|---|---|---|---|
| 001 | 951 | ||
| 003 | ES-MaACL | ||
| 005 | 20250721062531.0 | ||
| 007 | t| | ||
| 008 | 950801d1875 it | | 1 ||ta d | ||
| 080 | _a33 | ||
| 245 | 0 | 0 |
_aGiornale degli economisti / _cdir. Eugenio Forti. |
| 260 |
_aRoma : _b[s.n.], _c1875- ( _eBologna : _fTip. Fava e Garagnani) |
||
| 300 |
_a50 v. ; _c25 cm. |
||
| 310 | _aMensual | ||
| 362 | 0 | _aAño I (1875-) | |
| 500 | _aNo se publicó de 1879 al 1885. | ||
| 500 | _aA partir de 1910: Giornale degli economisti e rivista di statistica. | ||
| 650 | 1 | 7 |
_aEconomía _2embne _912006 |
| 700 | 1 |
_aForti, Eugenio, _edir. _9227561 |
|
| 700 | 1 |
_aBeneduce, Alberto, _edir. _9227562 |
|
| 700 | 1 |
_aVecchio, Gustavo del. _9113509 |
|
| 852 |
_aES-MaACL _jHem-354 |
||
| 866 | 0 | _o1878,1891-1910(1911f.ene.y mar.y abr.)(1912f.sep.),1934(1935f.may.-jul.y sep.)(1936f.jun.y ago.-dic.). | |
| 999 |
_c951 _d951 |
||